000 00628nam a22001577a 4500
008 170309b xxu||||| |||| 00| 0 eng d
082 _22016
_aUT 0706
_bM31
100 _919161
_aManingo, Annie Rose C.
245 _aLevels of Communicative Competence Among Fourth Year College Students Of UMDC: Basis for an Enhancement Program.
_cAnnie Rose C. Maningo, April Rose Aquino and Ava R. Bacaoco.
300 _a58 pages;
_b29 cm
650 0 _919162
_aEducation
_vEnglish
_xUndergraduate Thesis.
700 _919163
_aManingo, Annie Rose C.
700 _919164
_aAquino, April Rose.
700 _919165
_aBacaoco, Ava R.
942 _2ddc
_cUT
999 _c6368
_d6368